| 000 | 00539nam a22001937a 4500 | ||
|---|---|---|---|
| 999 |
_c20307 _d20307 |
||
| 003 | BDDh-ASL | ||
| 005 | 20231015025854.0 | ||
| 008 | 201229s1968 ny ||||| |||| 00| 0 eng d | ||
| 040 | _cBDDh-ASL | ||
| 082 |
_a297.01 _bPEA |
||
| 100 | 1 |
_92642 _aPeters, F. E. |
|
| 245 | 1 | 0 |
_aAristotle and the arabs: _bThe aristotelian tradition in Islam / |
| 260 |
_aNew York: _bNew Youk University Press, _c1968. |
||
| 300 |
_a303 p.: _c24 cm. |
||
| 504 | _aInclude Index | ||
| 650 | 0 |
_91652 _aIslam |
|
| 650 | 0 |
_92645 _aAristotle |
|
| 942 |
_2ddc _cBK |
||